Probability Theory / A Comprehensive Course / (Record no. 7633)

MARC details
000 -LEADER
fixed length control field 00518nam a22002057a 4500
001 - CONTROL NUMBER
control field nam a22 7a 4500
003 - CONTROL NUMBER IDENTIFIER
control field OSt
005 - DATE AND TIME OF LATEST TRANSACTION
control field 20210929145738.0
007 - PHYSICAL DESCRIPTION FIXED FIELD--GENERAL INFORMATION
fixed length control field nam a22 7a 4500
008 - FIXED-LENGTH DATA ELEMENTS--GENERAL INFORMATION
fixed length control field 210929b |||||||| |||| 00| 0 eng d
010 ## - LIBRARY OF CONGRESS CONTROL NUMBER
LC control number nam a22 7a 4500
040 ## - CATALOGING SOURCE
Transcribing agency HU
082 ## - DEWEY DECIMAL CLASSIFICATION NUMBER
Edition number 2nd
Classification number 519.2/KLE/2006
100 ## - MAIN ENTRY--PERSONAL NAME
Personal name Klenke Achim
9 (RLIN) 8219
245 ## - TITLE STATEMENT
Title Probability Theory / A Comprehensive Course /
250 ## - EDITION STATEMENT
Edition statement 2nd
260 ## - PUBLICATION, DISTRIBUTION, ETC.
Name of publisher, distributor, etc. Springer
Date of publication, distribution, etc. 2006
300 ## - PHYSICAL DESCRIPTION
Extent 638p
942 ## - ADDED ENTRY ELEMENTS (KOHA)
Source of classification or shelving scheme Dewey Decimal Classification
Koha item type Books like text book referance book
Suppress in OPAC No
Holdings
Withdrawn status Lost status Source of classification or shelving scheme Damaged status Not for loan Home library Current library Shelving location Date acquired Total Checkouts Full call number Barcode Date last seen Copy number Price effective from Koha item type
    Dewey Decimal Classification     Natural & Computational Science Library Natural & Computational Science Library General Stacks 09/29/2021   519.2/KLE/2006 NCSLIB00013869 09/29/2021 1 09/29/2021 Books like text book referance book
    Dewey Decimal Classification     Natural & Computational Science Library Natural & Computational Science Library General Stacks 09/29/2021   519.2/KLE/2006 NCSLIB00013868 09/29/2021 2 09/29/2021 Books like text book referance book